| 000 | 00572cam a22002052 4500 | ||
|---|---|---|---|
| 001 | 0000000350 | ||
| 005 | 20151021151047.0 | ||
| 008 | 070123s xx 000 0 eng d | ||
| 020 |
_a8170297885 : _cKES2500 |
||
| 040 |
_aKABU _cKABU |
||
| 050 | 0 |
_aTK5105.888 _b.M33 |
|
| 100 | 1 |
_aMcCoy, Joy. _@0000170451 |
|
| 245 | 1 | 0 |
_aMastering Web design / _cJoy McCoy. |
| 260 |
_aNew Delhi : _bBPB, _c1996. |
||
| 300 | _a609 p. | ||
| 650 | 0 |
_aWeb sites _xDesign. _@0000156389 |
|
| 908 | _a070123 | ||
| 950 | _@1 | ||
| 999 |
_c206 _d206 |
||